[Event "Blitz 2018"]
[Site "Saint-Petersburg"]
[Date "2018.12.29"]
[Round "7"]
[Board "69"]
[White "Hakobyan Aram (ARM)"]
[Black "Huzman Alexander (ISR)"]
[Result "0-1"]
[LiveChessVersion "1.4.8"]
[BlackElo "2543"]
[WhiteElo "2451"]

1. d4 {[%clk 0:03:03]} Nf6 {[%clk 0:03:03]} 2. Bg5 {[%clk 0:03:04]} d5
{[%clk 0:03:05]} 3. e3 {[%clk 0:03:05]} c5 {[%clk 0:03:05]} 4. Bxf6
{[%clk 0:03:06]} gxf6 {[%clk 0:03:06]} 5. dxc5 {[%clk 0:03:07]} e6
{[%clk 0:03:07]} 6. Nf3 {[%clk 0:03:08]} Bxc5 {[%clk 0:03:02]} 7. Be2
{[%clk 0:03:09]} Nd7 {[%clk 0:02:54]} 8. O-O {[%clk 0:03:08]} Bf8
{[%clk 0:02:54]} 9. Nbd2 {[%clk 0:03:05]} Bg7 {[%clk 0:02:55]} 10. e4
{[%clk 0:03:04]} dxe4 {[%clk 0:02:48]} 11. Nxe4 {[%clk 0:03:03]} O-O
{[%clk 0:02:48]} 12. c3 {[%clk 0:03:01]} f5 {[%clk 0:02:40]} 13. Ng3
{[%clk 0:03:02]} Nf6 {[%clk 0:02:33]} 14. Qc2 {[%clk 0:03:00]} Qc7
{[%clk 0:02:33]} 15. Rad1 {[%clk 0:02:55]} Bd7 {[%clk 0:02:32]} 16. Qd2
{[%clk 0:02:39]} h6 {[%clk 0:02:02]} 17. Nd4 {[%clk 0:02:26]} Rad8
{[%clk 0:01:59]} 18. Nh5 {[%clk 0:02:07]} Nxh5 {[%clk 0:01:46]} 19. Bxh5
{[%clk 0:02:08]} e5 {[%clk 0:01:47]} 20. Ne2 {[%clk 0:01:49]} Ba4
{[%clk 0:01:46]} 21. Qc1 {[%clk 0:01:44]} Bxd1 {[%clk 0:01:47]} 22. Rxd1
{[%clk 0:01:45]} Rxd1+ 23. Qxd1 {[%clk 0:01:47]} Rd8 {[%clk 0:01:48]} 24. Qc2
{[%clk 0:01:47]} e4 {[%clk 0:01:48]} 25. Ng3 {[%clk 0:01:46]} Qe5
{[%clk 0:01:43]} 26. Qb3 {[%clk 0:01:45]} Rd7 {[%clk 0:01:42]} 27. h3
{[%clk 0:01:21]} f4 {[%clk 0:01:31]} 28. Bg4 {[%clk 0:01:22]} Rd8
{[%clk 0:01:13]} 29. Nh5 {[%clk 0:01:11]} Bf8 {[%clk 0:01:03]} 30. Qxb7
{[%clk 0:01:00]} f3 {[%clk 0:01:00]} 31. gxf3 {[%clk 0:00:53]} e3
{[%clk 0:00:55]} 32. Qe4 {[%clk 0:00:12]} exf2+ {[%clk 0:00:56]} 33. Kg2
{[%clk 0:00:10]} Qxe4 {[%clk 0:00:40]} 34. fxe4 {[%clk 0:00:11]} Rd2
{[%clk 0:00:41]} 35. Ng3 {[%clk 0:00:07]} Rxb2 {[%clk 0:00:42]} 36. a4
{[%clk 0:00:07]} Bc5 {[%clk 0:00:42]} 37. Be2 {[%clk 0:00:06]} Rc2
{[%clk 0:00:40]} 38. c4 {[%clk 0:00:06]} Kg7 {[%clk 0:00:39]} 39. Bf1
{[%clk 0:00:08]} Kf6 40. Nf5 h5 41. h4 Ke5 {[%clk 0:00:39]} 42. Ng3
{[%clk 0:00:13]} Ra2 {[%clk 0:00:39]} 43. Nxh5 Rxa4 44. Ng3 {[%clk 0:00:14]} Ra1
{[%clk 0:00:35]} 45. h5 {[%clk 0:00:15]} Kf6 {[%clk 0:00:36]} 46. Nf5
{[%clk 0:00:16]} a5 {[%clk 0:00:36]} 47. h6 {[%clk 0:00:17]} Kg6 {[%clk 0:00:37]}
48. Nh4+ {[%clk 0:00:04]} Kxh6 {[%clk 0:00:37]} 49. Nf3 {[%clk 0:00:05]} a4
{[%clk 0:00:38]} 50. Ne5 {[%clk 0:00:06]} a3 {[%clk 0:00:36]} 0-1

[Event "Blitz 2018"]
[Site "Saint-Petersburg"]
[Date "2018.12.29"]
[Round "7"]
[Board "70"]
[White "Gutenev Alexander (RUS)"]
[Black "Goganov Aleksey (RUS)"]
[Result "0-1"]
[LiveChessVersion "1.4.8"]
[BlackElo "2539"]
[WhiteElo "2419"]

1. e4 {[%clk 0:03:03]} e5 {[%clk 0:03:03]} 2. Nf3 {[%clk 0:03:04]} Nc6
{[%clk 0:03:05]} 3. Bb5 {[%clk 0:03:05]} a6 4. Ba4 Nf6 {[%clk 0:03:07]} 5. O-O
{[%clk 0:03:07]} Be7 {[%clk 0:03:08]} 6. Re1 {[%clk 0:03:08]} b5 {[%clk 0:03:09]}
7. Bb3 {[%clk 0:03:09]} d6 {[%clk 0:03:10]} 8. c3 {[%clk 0:03:09]} O-O
{[%clk 0:03:10]} 9. h3 {[%clk 0:03:10]} Nb8 {[%clk 0:03:11]} 10. d4
{[%clk 0:03:10]} Nbd7 {[%clk 0:03:12]} 11. Nbd2 {[%clk 0:03:11]} Bb7
{[%clk 0:03:13]} 12. Bc2 {[%clk 0:03:10]} Re8 {[%clk 0:03:14]} 13. a4
{[%clk 0:03:11]} Bf8 {[%clk 0:03:12]} 14. Bd3 {[%clk 0:03:12]} c6
{[%clk 0:03:13]} 15. Qc2 {[%clk 0:03:12]} g6 {[%clk 0:03:10]} 16. b3
{[%clk 0:03:03]} Qc7 {[%clk 0:03:10]} 17. Bf1 {[%clk 0:03:02]} Bg7
{[%clk 0:03:08]} 18. dxe5 {[%clk 0:03:01]} Nxe5 {[%clk 0:02:59]} 19. Nxe5
{[%clk 0:02:57]} Rxe5 {[%clk 0:02:52]} 20. Nf3 {[%clk 0:02:50]} Ree8
{[%clk 0:02:51]} 21. Bf4 {[%clk 0:02:45]} Nd7 {[%clk 0:02:39]} 22. Rad1
{[%clk 0:02:44]} Ne5 {[%clk 0:02:39]} 23. Nd2 {[%clk 0:01:56]} Re6
{[%clk 0:02:14]} 24. Bg3 {[%clk 0:01:57]} Qb6 {[%clk 0:02:01]} 25. Kh2
{[%clk 0:01:45]} Rae8 {[%clk 0:01:42]} 26. f4 {[%clk 0:01:25]} Nd7
{[%clk 0:01:35]} 27. Nf3 {[%clk 0:01:26]} c5 {[%clk 0:01:16]} 28. axb5
{[%clk 0:00:38]} axb5 {[%clk 0:01:17]} 29. e5 {[%clk 0:00:27]} Bxf3
{[%clk 0:01:16]} 30. gxf3 {[%clk 0:00:28]} dxe5 {[%clk 0:00:58]} 31. f5
{[%clk 0:00:23]} R6e7 {[%clk 0:00:52]} 32. Qd3 {[%clk 0:00:25]} c4
{[%clk 0:00:40]} 33. bxc4 {[%clk 0:00:24]} bxc4 {[%clk 0:00:41]} 34. Qxc4
{[%clk 0:00:22]} gxf5 {[%clk 0:00:41]} 35. Bh4 {[%clk 0:00:16]} Bf6
{[%clk 0:00:40]} 36. Bd3 {[%clk 0:00:15]} e4 {[%clk 0:00:37]} 37. Rg1+
{[%clk 0:00:15]} Kh8 {[%clk 0:00:38]} 38. Bxf6+ {[%clk 0:00:14]} Qxf6
{[%clk 0:00:36]} 39. fxe4 {[%clk 0:00:11]} Ne5 {[%clk 0:00:37]} 40. Qb5
{[%clk 0:00:05]} Nf3+ {[%clk 0:00:37]} 41. Kh1 {[%clk 0:00:06]} fxe4
{[%clk 0:00:33]} 42. Be2 {[%clk 0:00:06]} Nxg1 {[%clk 0:00:20]} 43. Rxg1
{[%clk 0:00:07]} Qxc3 {[%clk 0:00:19]} 44. Qf5 {[%clk 0:00:08]} Qe5
{[%clk 0:00:17]} 45. Qg4 {[%clk 0:00:08]} f5 {[%clk 0:00:16]} 46. Qh4
{[%clk 0:00:07]} Rg7 {[%clk 0:00:16]} 47. Rxg7 {[%clk 0:00:07]} Qxg7
{[%clk 0:00:17]} 48. Qf4 {[%clk 0:00:05]} Rg8 {[%clk 0:00:18]} 49. Qf2
{[%clk 0:00:06]} f4 {[%clk 0:00:19]} 50. Bc4 {[%clk 0:00:07]} Rf8
{[%clk 0:00:17]} 51. Bd5 {[%clk 0:00:08]} Qe5 {[%clk 0:00:14]} 52. Bc6
{[%clk 0:00:06]} e3 {[%clk 0:00:14]} 53. Qe2 {[%clk 0:00:07]} Rc8
{[%clk 0:00:14]} 54. Bf3 {[%clk 0:00:06]} Rc1+ {[%clk 0:00:13]} 55. Kh2
{[%clk 0:00:07]} Qg7 {[%clk 0:00:14]} 56. Bg4 {[%clk 0:00:07]} Rb1
{[%clk 0:00:11]} 57. Qf3 {[%clk 0:00:08]} Qb2+ {[%clk 0:00:11]} 58. Qg2
{[%clk 0:00:07]} Qxg2+ {[%clk 0:00:11]} 59. Kxg2 {[%clk 0:00:08]} Rb2+
{[%clk 0:00:12]} 60. Kf3 {[%clk 0:00:10]} Rf2+ {[%clk 0:00:13]} 0-1

[Event "Blitz 2018"]
[Site "Saint-Petersburg"]
[Date "2018.12.29"]
[Round "7"]
[Board "71"]
[White "Kryakvin Dmitry (RUS)"]
[Black "Danielyan Vahe (ARM)"]
[Result "0-1"]
[LiveChessVersion "1.4.8"]
[BlackElo "2417"]
[WhiteElo "2536"]

1. d4 {[%clk 0:03:03]} Nf6 {[%clk 0:03:03]} 2. Bg5 {[%clk 0:03:04]} e6
{[%clk 0:03:03]} 3. e4 {[%clk 0:03:05]} h6 {[%clk 0:03:04]} 4. Bxf6
{[%clk 0:03:06]} Qxf6 {[%clk 0:03:05]} 5. c3 {[%clk 0:03:07]} b6 {[%clk 0:03:06]}
6. Bd3 {[%clk 0:03:04]} Bb7 {[%clk 0:03:07]} 7. Ne2 {[%clk 0:03:03]} Qd8
{[%clk 0:03:03]} 8. O-O {[%clk 0:03:02]} Be7 {[%clk 0:03:05]} 9. f4
{[%clk 0:03:02]} c5 {[%clk 0:03:04]} 10. Nd2 {[%clk 0:03:00]} d5 {[%clk 0:03:03]}
11. e5 {[%clk 0:02:59]} g6 {[%clk 0:03:01]} 12. Nf3 {[%clk 0:02:55]} Nc6
{[%clk 0:02:56]} 13. a3 {[%clk 0:02:52]} c4 {[%clk 0:02:47]} 14. Bc2
{[%clk 0:02:52]} Qc7 {[%clk 0:02:44]} 15. h3 {[%clk 0:02:48]} O-O-O
{[%clk 0:02:41]} 16. g4 {[%clk 0:02:49]} Kb8 {[%clk 0:02:40]} 17. Ng3
{[%clk 0:02:49]} Ka8 {[%clk 0:02:41]} 18. Kh1 {[%clk 0:02:45]} Rdg8
{[%clk 0:02:42]} 19. Rg1 {[%clk 0:02:42]} Bc8 {[%clk 0:02:42]} 20. Qe2
{[%clk 0:02:37]} Bd8 {[%clk 0:02:43]} 21. f5 {[%clk 0:02:34]} exf5
{[%clk 0:02:32]} 22. gxf5 {[%clk 0:02:34]} Ne7 {[%clk 0:02:33]} 23. f6
{[%clk 0:02:25]} Nc6 {[%clk 0:02:25]} 24. Qg2 {[%clk 0:02:24]} Be6
{[%clk 0:02:25]} 25. Ne2 {[%clk 0:02:23]} g5 {[%clk 0:02:25]} 26. Nh2
{[%clk 0:02:08]} Qd7 {[%clk 0:02:22]} 27. Ng4 {[%clk 0:02:02]} Bc7
{[%clk 0:02:00]} 28. Raf1 {[%clk 0:01:50]} Rd8 {[%clk 0:01:42]} 29. Ng3
{[%clk 0:01:20]} h5 {[%clk 0:01:35]} 30. Nf2 {[%clk 0:01:21]} Rdg8
{[%clk 0:01:32]} 31. Re1 {[%clk 0:00:54]} Kb8 {[%clk 0:01:18]} 32. Nf1
{[%clk 0:00:54]} Kb7 {[%clk 0:00:53]} 33. Ne3 {[%clk 0:00:53]} a5
{[%clk 0:00:47]} 34. Nxc4 {[%clk 0:00:44]} dxc4 {[%clk 0:00:33]} 35. Be4
{[%clk 0:00:45]} Rd8 {[%clk 0:00:35]} 36. Nd1 {[%clk 0:00:29]} g4
{[%clk 0:00:33]} 37. h4 {[%clk 0:00:30]} Bd5 {[%clk 0:00:31]} 38. Ne3
{[%clk 0:00:29]} Bxe4 {[%clk 0:00:31]} 39. Qxe4 {[%clk 0:00:31]} Rhg8
{[%clk 0:00:29]} 40. Ref1 {[%clk 0:00:19]} g3 {[%clk 0:00:30]} 41. Qf5
{[%clk 0:00:16]} Qe8 {[%clk 0:00:22]} 42. Nxc4 {[%clk 0:00:14]} Rg4
{[%clk 0:00:20]} 43. Kg2 {[%clk 0:00:14]} Rxh4 {[%clk 0:00:20]} 44. Rh1
{[%clk 0:00:14]} Rxh1 {[%clk 0:00:19]} 45. Rxh1 {[%clk 0:00:15]} Nxd4
{[%clk 0:00:16]} 46. cxd4 {[%clk 0:00:16]} Rxd4 {[%clk 0:00:16]} 47. Qf3+
{[%clk 0:00:14]} Ka7 {[%clk 0:00:15]} 48. Rc1 {[%clk 0:00:12]} h4
{[%clk 0:00:11]} 49. Nxa5 {[%clk 0:00:11]} h3+ {[%clk 0:00:11]} 50. Kg1
{[%clk 0:00:08]} h2+ {[%clk 0:00:09]} 51. Kh1 {[%clk 0:00:09]} Qd7
{[%clk 0:00:05]} 52. Nc6+ {[%clk 0:00:09]} Ka6 {[%clk 0:00:06]} 53. Nxd4
{[%clk 0:00:09]} Qxd4 {[%clk 0:00:06]} 54. Rxc7 {[%clk 0:00:09]} Qg1#
{[%clk 0:00:07]} 0-1

[Event "Blitz 2018"]
[Site "Saint-Petersburg"]
[Date "2018.12.29"]
[Round "7"]
[Board "72"]
[White "Chen Qi B (CHN)"]
[Black "Fridman Daniel (GER)"]
[Result "0-1"]
[LiveChessVersion "1.4.8"]
[BlackElo "2530"]
[WhiteElo "2416"]

1. e4 {[%clk 0:03:03]} e5 {[%clk 0:03:03]} 2. Nf3 {[%clk 0:03:03]} Nf6
{[%clk 0:03:04]} 3. Nxe5 {[%clk 0:03:03]} d6 {[%clk 0:03:05]} 4. Nf3
{[%clk 0:03:04]} Nxe4 {[%clk 0:03:06]} 5. d4 {[%clk 0:03:05]} d5 {[%clk 0:03:07]}
6. Bd3 {[%clk 0:03:06]} Nc6 {[%clk 0:03:08]} 7. O-O {[%clk 0:03:06]} Bg4
{[%clk 0:03:08]} 8. Re1 {[%clk 0:02:57]} Be7 {[%clk 0:03:09]} 9. c3
{[%clk 0:02:50]} f5 {[%clk 0:03:06]} 10. Nbd2 {[%clk 0:02:47]} O-O
{[%clk 0:03:05]} 11. h3 {[%clk 0:02:40]} Bh5 {[%clk 0:03:05]} 12. Qb3
{[%clk 0:02:37]} Kh8 {[%clk 0:02:38]} 13. Qxb7 {[%clk 0:02:22]} Rf6
{[%clk 0:02:38]} 14. Qb3 {[%clk 0:02:14]} Rg6 {[%clk 0:02:34]} 15. Nh2
{[%clk 0:02:07]} Bh4 {[%clk 0:01:50]} 16. Bxe4 {[%clk 0:01:42]} Bxf2+
{[%clk 0:01:43]} 17. Kxf2 {[%clk 0:01:37]} Qh4+ {[%clk 0:01:44]} 18. Kf1
{[%clk 0:00:59]} fxe4 {[%clk 0:01:45]} 19. Qxd5 {[%clk 0:00:43]} Rf8+
{[%clk 0:01:28]} 20. Ndf3 {[%clk 0:00:44]} exf3 {[%clk 0:01:23]} 21. Nxf3
{[%clk 0:00:45]} Bxf3 {[%clk 0:01:23]} 22. gxf3 {[%clk 0:00:46]} Ne7
{[%clk 0:00:47]} 23. Qe4 {[%clk 0:00:25]} Qxh3+ {[%clk 0:00:47]} 24. Kf2
{[%clk 0:00:27]} Nf5 {[%clk 0:00:36]} 25. Rf1 {[%clk 0:00:14]} Ng3
{[%clk 0:00:34]} 26. Qd3 {[%clk 0:00:03]} Nxf1 {[%clk 0:00:34]} 0-1

[Event "Blitz 2018"]
[Site "Saint-Petersburg"]
[Date "2018.12.29"]
[Round "7"]
[Board "73"]
[White "Shubin Kirill (RUS)"]
[Black "Mikhalevski Victor (ISR)"]
[Result "0-1"]
[LiveChessVersion "1.4.8"]
[BlackElo "2521"]
[WhiteElo "2398"]

1. e4 {[%clk 0:03:03]} e5 {[%clk 0:03:03]} 2. Nf3 {[%clk 0:03:04]} Nc6
{[%clk 0:03:05]} 3. Bb5 {[%clk 0:03:05]} g6 {[%clk 0:03:05]} 4. d4
{[%clk 0:03:02]} exd4 {[%clk 0:03:05]} 5. c3 {[%clk 0:03:03]} a6 {[%clk 0:02:51]}
6. Bxc6 {[%clk 0:03:02]} dxc6 {[%clk 0:02:52]} 7. cxd4 {[%clk 0:02:46]} Bg7
{[%clk 0:02:52]} 8. h3 {[%clk 0:02:43]} Ne7 {[%clk 0:02:51]} 9. O-O
{[%clk 0:02:43]} O-O {[%clk 0:02:52]} 10. Nc3 {[%clk 0:02:41]} h6
{[%clk 0:02:53]} 11. Be3 {[%clk 0:02:26]} g5 {[%clk 0:02:53]} 12. Qb3
{[%clk 0:01:56]} Kh8 {[%clk 0:02:42]} 13. Rad1 {[%clk 0:01:48]} f5
{[%clk 0:02:12]} 14. d5 {[%clk 0:01:49]} fxe4 {[%clk 0:02:04]} 15. dxc6
{[%clk 0:01:51]} Qe8 {[%clk 0:02:06]} 16. Nxe4 {[%clk 0:01:46]} Qxc6
{[%clk 0:01:53]} 17. Ng3 {[%clk 0:01:28]} Bxh3 {[%clk 0:01:46]} 18. Bd4
{[%clk 0:01:12]} Bxg2 {[%clk 0:01:36]} 19. Bxg7+ {[%clk 0:01:01]} Kxg7
{[%clk 0:01:34]} 20. Nd4 {[%clk 0:00:49]} Bd5 {[%clk 0:01:18]} 21. Nxc6
{[%clk 0:00:39]} Bxb3 {[%clk 0:01:19]} 22. Nxe7 {[%clk 0:00:39]} Bxd1
{[%clk 0:01:20]} 23. Rxd1 {[%clk 0:00:40]} Rad8 {[%clk 0:01:18]} 24. Re1
{[%clk 0:00:30]} Rfe8 {[%clk 0:01:17]} 25. Nef5+ {[%clk 0:00:19]} Kg6
{[%clk 0:01:11]} 26. Rc1 {[%clk 0:00:19]} Rd7 {[%clk 0:01:08]} 27. Ne3
{[%clk 0:00:11]} Re5 {[%clk 0:01:09]} 28. Rc3 {[%clk 0:00:09]} h5
{[%clk 0:01:08]} 29. Rb3 {[%clk 0:00:08]} b5 {[%clk 0:01:04]} 30. Rc3
{[%clk 0:00:09]} c5 {[%clk 0:01:04]} 31. a4 {[%clk 0:00:07]} h4 {[%clk 0:00:56]}
32. Ngf1 {[%clk 0:00:06]} Rd4 {[%clk 0:00:40]} 33. axb5 {[%clk 0:00:07]} axb5
{[%clk 0:00:41]} 34. Nh2 {[%clk 0:00:06]} Rf4 {[%clk 0:00:32]} 35. Rd3
{[%clk 0:00:05]} Re6 {[%clk 0:00:30]} 36. Rd5 {[%clk 0:00:05]} Rc6
{[%clk 0:00:30]} 37. Nhg4 {[%clk 0:00:05]} Kh5 {[%clk 0:00:27]} 38. Ne5
{[%clk 0:00:05]} Rcf6 {[%clk 0:00:24]} 39. Rd8 {[%clk 0:00:05]} Rf8
{[%clk 0:00:23]} 40. Rd7 {[%clk 0:00:04]} g4 {[%clk 0:00:21]} 41. Rh7+
{[%clk 0:00:04]} Kg5 {[%clk 0:00:22]} 42. Rg7+ {[%clk 0:00:04]} Kf6
{[%clk 0:00:22]} 43. Rxg4 {[%clk 0:00:03]} Kxe5 {[%clk 0:00:22]} 44. Rg5+
{[%clk 0:00:04]} Kd4 {[%clk 0:00:19]} 45. Rd5+ {[%clk 0:00:05]} Ke4
{[%clk 0:00:20]} 46. Rxc5 {[%clk 0:00:05]} Rg8+ {[%clk 0:00:19]} 47. Kf1
{[%clk 0:00:04]} b4 {[%clk 0:00:17]} 48. Rc4+ {[%clk 0:00:04]} Kf3
{[%clk 0:00:17]} 49. Rc5 {[%clk 0:00:04]} Ke4 {[%clk 0:00:10]} 50. Rc4+
{[%clk 0:00:04]} Ke5 {[%clk 0:00:11]} 51. Rc5+ {[%clk 0:00:05]} Kd6
{[%clk 0:00:10]} 52. Rd5+ {[%clk 0:00:04]} Kc6 {[%clk 0:00:11]} 53. Rh5
{[%clk 0:00:04]} b3 {[%clk 0:00:10]} 54. Ke2 {[%clk 0:00:04]} Rd4
{[%clk 0:00:11]} 55. Rh6+ {[%clk 0:00:04]} Kd7 {[%clk 0:00:10]} 56. Rb6
{[%clk 0:00:04]} Rh8 {[%clk 0:00:10]} 57. Nf5 {[%clk 0:00:05]} Rf4
{[%clk 0:00:10]} 58. Rb5 {[%clk 0:00:04]} h3 {[%clk 0:00:10]} 59. Ng3
{[%clk 0:00:04]} h2 {[%clk 0:00:11]} 60. Nh1 Rg4 61. Rd5+ {[%clk 0:00:03]} Kc6
{[%clk 0:00:13]} 62. Rd1 {[%clk 0:00:04]} Rg1 {[%clk 0:00:14]} 63. Rf1
{[%clk 0:00:04]} Rxf1 64. Kxf1 {[%clk 0:00:06]} Rg8 {[%clk 0:00:14]} 65. Ng3
{[%clk 0:00:06]} Rxg3 0-1

[Event "Blitz 2018"]
[Site "Saint-Petersburg"]
[Date "2018.12.29"]
[Round "7"]
[Board "74"]
[White "Sharma Dinesh K. (IND)"]
[Black "Miton Kamil (POL)"]
[Result "0-1"]
[LiveChessVersion "1.4.8"]
[BlackElo "2520"]
[WhiteElo "2383"]

1. d4 {[%clk 0:03:03]} Nf6 {[%clk 0:03:03]} 2. Nf3 {[%clk 0:03:04]} e6
{[%clk 0:03:03]} 3. c4 {[%clk 0:03:05]} d5 {[%clk 0:03:04]} 4. Nc3
{[%clk 0:03:06]} dxc4 {[%clk 0:03:04]} 5. e3 {[%clk 0:03:05]} a6 {[%clk 0:03:02]}
6. Bxc4 {[%clk 0:03:05]} b5 {[%clk 0:03:01]} 7. Bb3 {[%clk 0:02:54]} Bb7
{[%clk 0:03:01]} 8. O-O {[%clk 0:02:53]} Nbd7 {[%clk 0:02:44]} 9. d5
{[%clk 0:02:49]} exd5 {[%clk 0:02:35]} 10. Nxd5 {[%clk 0:02:49]} Bd6
{[%clk 0:02:31]} 11. e4 {[%clk 0:02:42]} Nxd5 {[%clk 0:02:06]} 12. Bxd5
{[%clk 0:02:40]} Bxd5 {[%clk 0:02:03]} 13. Qxd5 {[%clk 0:02:39]} O-O
{[%clk 0:01:35]} 14. e5 {[%clk 0:02:38]} Be7 {[%clk 0:01:28]} 15. Rd1
{[%clk 0:02:11]} Nc5 {[%clk 0:01:21]} 16. Be3 {[%clk 0:02:01]} Qxd5
{[%clk 0:01:19]} 17. Rxd5 {[%clk 0:02:01]} Ne6 {[%clk 0:01:20]} 18. Nd4
{[%clk 0:01:23]} Nxd4 {[%clk 0:01:09]} 19. Bxd4 {[%clk 0:01:21]} Rfd8
{[%clk 0:01:07]} 20. Rxd8+ {[%clk 0:01:21]} Rxd8 {[%clk 0:01:07]} 21. Be3
{[%clk 0:01:21]} c5 {[%clk 0:01:03]} 22. a4 {[%clk 0:01:13]} b4 {[%clk 0:00:49]}
23. Rc1 {[%clk 0:01:09]} g5 {[%clk 0:00:39]} 24. Kf1 {[%clk 0:01:03]} Rd5
{[%clk 0:00:38]} 25. f4 {[%clk 0:01:04]} gxf4 {[%clk 0:00:36]} 26. Bxf4
{[%clk 0:01:05]} Kg7 {[%clk 0:00:32]} 27. Ke2 {[%clk 0:01:04]} Kg6
{[%clk 0:00:33]} 28. Rc4 {[%clk 0:00:53]} Kf5 {[%clk 0:00:31]} 29. h3
{[%clk 0:00:35]} h5 {[%clk 0:00:27]} 30. Bh2 {[%clk 0:00:21]} Bg5
{[%clk 0:00:28]} 31. g4+ {[%clk 0:00:21]} hxg4 {[%clk 0:00:28]} 32. hxg4+
{[%clk 0:00:22]} Ke6 {[%clk 0:00:29]} 33. Bg1 {[%clk 0:00:21]} Rxe5+
{[%clk 0:00:23]} 34. Kf3 {[%clk 0:00:22]} Be7 {[%clk 0:00:23]} 35. Bf2
{[%clk 0:00:21]} Rd5 {[%clk 0:00:20]} 36. Ke2 {[%clk 0:00:19]} Re5+
{[%clk 0:00:19]} 37. Kf3 {[%clk 0:00:20]} Kd5 {[%clk 0:00:19]} 38. b3
{[%clk 0:00:19]} Ke6 {[%clk 0:00:15]} 39. Bg3 {[%clk 0:00:17]} Rd5
{[%clk 0:00:14]} 40. Re4+ {[%clk 0:00:17]} Kd7 {[%clk 0:00:15]} 41. Ke2
{[%clk 0:00:18]} Bd6 {[%clk 0:00:15]} 42. Bf2 {[%clk 0:00:17]} Be5
{[%clk 0:00:11]} 43. Be3 {[%clk 0:00:16]} f6 {[%clk 0:00:07]} 44. Bc1
{[%clk 0:00:15]} Kd6 {[%clk 0:00:07]} 45. Be3 {[%clk 0:00:14]} Kc6
{[%clk 0:00:06]} 46. Rc4 {[%clk 0:00:15]} Kd6 {[%clk 0:00:06]} 47. Rc1
{[%clk 0:00:13]} Bd4 {[%clk 0:00:06]} 48. Bf4+ {[%clk 0:00:14]} Kc6
{[%clk 0:00:07]} 49. Rc2 {[%clk 0:00:13]} Rd8 {[%clk 0:00:07]} 50. Kf3
{[%clk 0:00:13]} Rh8 {[%clk 0:00:07]} 51. Kg2 {[%clk 0:00:10]} Re8
{[%clk 0:00:06]} 52. Kf3 {[%clk 0:00:11]} Re1 {[%clk 0:00:07]} 53. Bg3
{[%clk 0:00:09]} Rb1 {[%clk 0:00:08]} 54. Ke4 {[%clk 0:00:10]} Rxb3
{[%clk 0:00:08]} 55. Bf4 {[%clk 0:00:10]} Ra3 {[%clk 0:00:09]} 56. Rh2
{[%clk 0:00:10]} Rxa4 {[%clk 0:00:09]} 57. Rh8 {[%clk 0:00:10]} b3
{[%clk 0:00:09]} 58. Rc8+ {[%clk 0:00:10]} Kb5 {[%clk 0:00:07]} 59. Kd5
{[%clk 0:00:11]} Kb4 {[%clk 0:00:05]} 60. Rb8+ {[%clk 0:00:10]} Ka3
{[%clk 0:00:06]} 61. g5 {[%clk 0:00:09]} fxg5 {[%clk 0:00:06]} 62. Bxg5
{[%clk 0:00:10]} b2 {[%clk 0:00:07]} 63. Be7 {[%clk 0:00:11]} Ka2
{[%clk 0:00:08]} 64. Kxd4 0-1

[Event "Blitz 2018"]
[Site "Saint-Petersburg"]
[Date "2018.12.29"]
[Round "7"]
[Board "75"]
[White "Yakubboev Nodirbek (UZB)"]
[Black "Vishnu Prasanna. V (IND)"]
[Result "1-0"]
[LiveChessVersion "1.4.8"]
[BlackElo "2519"]
[WhiteElo "2388"]

1. a3 {[%clk 0:03:03]} e5 {[%clk 0:03:03]} 2. c4 {[%clk 0:03:03]} Nf6
{[%clk 0:03:03]} 3. d3 {[%clk 0:03:00]} g6 {[%clk 0:03:03]} 4. Nc3
{[%clk 0:02:37]} Bg7 {[%clk 0:03:02]} 5. Nf3 {[%clk 0:02:16]} d6 {[%clk 0:03:03]}
6. g3 {[%clk 0:02:10]} O-O 7. Bg2 a5 {[%clk 0:03:02]} 8. O-O {[%clk 0:01:56]} Re8
{[%clk 0:03:02]} 9. Rb1 {[%clk 0:01:40]} c6 {[%clk 0:03:03]} 10. e4
{[%clk 0:00:55]} Na6 {[%clk 0:02:44]} 11. h3 {[%clk 0:00:47]} Rb8
{[%clk 0:02:37]} 12. d4 {[%clk 0:00:34]} exd4 13. Nxd4 Nc5 {[%clk 0:02:27]} 14.
Re1 {[%clk 0:00:33]} Ra8 {[%clk 0:02:28]} 15. b3 {[%clk 0:00:23]} Nfd7
{[%clk 0:02:20]} 16. Be3 {[%clk 0:00:19]} Nf8 {[%clk 0:02:08]} 17. Qc2
{[%clk 0:00:15]} h5 {[%clk 0:02:00]} 18. Rbd1 {[%clk 0:00:14]} Qf6
{[%clk 0:01:53]} 19. f4 {[%clk 0:00:13]} Nfe6 {[%clk 0:01:16]} 20. Nxe6
{[%clk 0:00:12]} Nxe6 {[%clk 0:01:12]} 21. Ne2 {[%clk 0:00:12]} Qe7
{[%clk 0:01:08]} 22. Nd4 {[%clk 0:00:10]} Nc5 {[%clk 0:00:55]} 23. Bf2
{[%clk 0:00:10]} Bd7 {[%clk 0:00:54]} 24. b4 {[%clk 0:00:04]} axb4
{[%clk 0:00:54]} 25. axb4 {[%clk 0:00:05]} Ne6 {[%clk 0:00:43]} 26. Nxe6
{[%clk 0:00:04]} Bxe6 {[%clk 0:00:43]} 27. f5 {[%clk 0:00:04]} Bc8
{[%clk 0:00:35]} 28. c5 {[%clk 0:00:03]} dxc5 {[%clk 0:00:35]} 29. bxc5
{[%clk 0:00:04]} Be5 {[%clk 0:00:34]} 30. g4 {[%clk 0:00:04]} hxg4
{[%clk 0:00:33]} 31. hxg4 {[%clk 0:00:05]} Qg5 {[%clk 0:00:34]} 32. Qe2
{[%clk 0:00:05]} Kg7 {[%clk 0:00:32]} 33. Qf3 {[%clk 0:00:05]} Rh8
{[%clk 0:00:29]} 34. Bg3 {[%clk 0:00:04]} Bxg3 35. Qxg3 gxf5 {[%clk 0:00:14]} 36.
exf5 {[%clk 0:00:06]} Ra4 {[%clk 0:00:15]} 37. Bf3 {[%clk 0:00:05]} Rh4
{[%clk 0:00:14]} 38. Qe5+ {[%clk 0:00:06]} Kh7 {[%clk 0:00:14]} 39. Rd4
{[%clk 0:00:06]} Rxd4 {[%clk 0:00:12]} 40. Qxd4 Bxf5 41. Re5 {[%clk 0:00:07]}
Qc1+ {[%clk 0:00:12]} 42. Kf2 {[%clk 0:00:07]} Bg6 {[%clk 0:00:12]} 43. Re8
{[%clk 0:00:06]} Kh6 {[%clk 0:00:08]} 44. Rh8+ {[%clk 0:00:05]} Kg5
{[%clk 0:00:09]} 45. Qe5+ {[%clk 0:00:06]} f5 {[%clk 0:00:08]} 46. Qe7+ Kf4 47.
Qd6+ Kg5 48. Qe7+ {[%clk 0:00:07]} Kf4 {[%clk 0:00:12]} 49. Rxh4 {[%clk 0:00:07]}
Qd2+ {[%clk 0:00:11]} 50. Qe2 {[%clk 0:00:07]} Qd4+ {[%clk 0:00:12]} 51. Kg2
{[%clk 0:00:09]} Kg5 {[%clk 0:00:13]} 52. gxf5 {[%clk 0:00:04]} Qxh4
{[%clk 0:00:14]} 53. fxg6 {[%clk 0:00:05]} Kxg6 {[%clk 0:00:14]} 54. Qe6+
{[%clk 0:00:06]} Kg7 {[%clk 0:00:16]} 55. Qd7+ Kf6 56. Qd8+ Kf5 57. Qxh4
{[%clk 0:00:08]} 1-0